000 00643nam a2200229Ia 4500
003 OSt
005 20220928124557.0
006 a|||||r|||| 00| 0
007 ta
008 220927b |||||||| |||| 00| 0 eng d
024 _a130365
037 _cTextual
040 _aSDCL
_cSDCL
_beng
041 _2eng
_aeng
082 _aY:1.19B0vM, F9
100 _aParmelee Maurice
_9466311
245 0 _aOriental and occidental culture
_b An interpretation.
260 _aDelhi
_bNeeraj Publishing House
_c1929
300 _axvi,379p.
_ccm.
942 _hY:1.19B0vM, F9
_cTEXL
_2CC
999 _c779168
_d779168